|
|
|
|
| LEADER |
01060nam a2200241 a 4500 |
| 001 |
GR-MES13048 |
| 008 |
070910s gr 000 0 gre d |
| 020 |
|
|
|a 3899930053
|
| 040 |
|
|
|a GrPaTEI
|b gre
|c GR-PaULI
|
| 040 |
|
|
|a GrPaTEI
|b gre
|c GR-PaULI
|
| 082 |
|
0 |
|a 636.089 607
|2 21
|
| 100 |
1 |
|
|a Kahn, Wolfgang
|
| 245 |
1 |
0 |
|a Veterinary reproductive ultrasonography :
|b Horse, cattle, sheep, goat, pig, dog, cat /
|c Wolfgang Kahn ; English tranlation and revision: Dietrich Volkmann ; Robert M. Kenney.
|
| 260 |
|
|
|a Hannover :
|b Schlutersche,
|c c2004
|
| 300 |
|
|
|a 256σ. :
|b εικ. ;
|c 26εκ.
|
| 500 |
|
|
|a Περιλαμβάνει ευρετήριο.
|
| 650 |
|
0 |
|a Animals ultrasonography
|
| 700 |
1 |
|
|a Kenney, Robert M.
|
| 700 |
1 |
|
|a Volkmann, Dietrich
|
| 942 |
|
|
|2 ddc
|
| 952 |
|
|
|0 0
|1 0
|2 ddc
|4 0
|6 636_089000000000000_607_KAH
|7 0
|9 271565
|a MSLG
|b MSLG
|c BSC
|d 2021-01-17
|e 24
|f 0
|g 0.00
|l 0
|o 636.089 607 KAH
|p 2420000020417
|r 2021-01-17 00:00:00
|t 1
|w 2021-01-17
|y BK15
|x 20070910 0 ΤΣΑΝΤΑΡΛΙΩΤΗ 1
|x GrPaTEI
|
| 971 |
|
|
|a .b2579095x
|b 15-04-20
|c 13-09-16
|
| 999 |
|
|
|c 156899
|d 156899
|